Gazetteer of the Dera Ghazi Khan District, 1893-97. (Record no. 330738)

000 -LEADER
fixed length control field 00980nam a2200277 a 4500
001 - CONTROL NUMBER
control field 1557169
003 - CONTROL NUMBER IDENTIFIER
control field NUST
005 - DATE AND TIME OF LATEST TRANSACTION
control field 20180116123057.0
008 - FIXED-LENGTH DATA ELEMENTS--GENERAL INFORMATION
fixed length control field 911226r19901898pk 000 0 eng
010 ## - LIBRARY OF CONGRESS CONTROL NUMBER
LC control number 91930434
020 ## - INTERNATIONAL STANDARD BOOK NUMBER
International Standard Book Number 9799693515700
040 ## - CATALOGING SOURCE
Original cataloging agency DLC
Transcribing agency DLC
043 ## - GEOGRAPHIC AREA CODE
Geographic area code a-pk---
050 00 - LIBRARY OF CONGRESS CALL NUMBER
Classification number DS392.D45
Item number G39 1990
082 00 - DEWEY DECIMAL CLASSIFICATION NUMBER
Classification number 954.914
Author Mark GAZ
245 00 - TITLE STATEMENT
Title Gazetteer of the Dera Ghazi Khan District, 1893-97.
250 ## - EDITION STATEMENT
Edition statement Rev. ed.
260 ## - PUBLICATION, DISTRIBUTION, ETC.
Place of publication, distribution, etc. Lahore :
Name of publisher, distributor, etc. Sang-e-Meel Publications,
Date of publication, distribution, etc. 1990.
300 ## - PHYSICAL DESCRIPTION
Extent xi, 194 p. ;
Dimensions 25 cm.
500 ## - GENERAL NOTE
General note Running title: Punjab gazetteer, D.G. Khan District.
500 ## - GENERAL NOTE
General note Originally published: Lahore : Punjab Govt., 1898.
651 #0 - SUBJECT ADDED ENTRY--GEOGRAPHIC NAME
Geographic name Dera Ghāzi Khān District (Pakistan)
9 (RLIN) 1332
740 0# - ADDED ENTRY--UNCONTROLLED RELATED/ANALYTICAL TITLE
Uncontrolled related/analytical title Punjab gazetteer, D.G. Khan District.
906 ## - LOCAL DATA ELEMENT F, LDF (RLIN)
a 7
b cbc
c orignew
d 2
e ncip
f 19
g y-gencatlg
942 ## - ADDED ENTRY ELEMENTS (KOHA)
Source of classification or shelving scheme
Koha item type Book
Holdings
Withdrawn status Lost status Source of classification or shelving scheme Damaged status Not for loan Collection code Permanent Location Current Location Shelving location Date acquired Total Checkouts Full call number Barcode Date last seen Copy number Price effective from Koha item type
            Central Library (CL) Central Library (CL) Book Cart 08/02/2017   954.914 GAZ CL2876 08/02/2017 1 08/02/2017 Book
© 2023 Central Library, National University of Sciences and Technology. All Rights Reserved.